Fish and shellfish farming in coastal waters
Uloženo v:
| Hlavní autor: | |
|---|---|
| Médium: | Kniha |
| Jazyk: | angličtina |
| Vydáno: |
Londres
Fishing News Books
1972
|
| Témata: | |
| Tagy: |
Přidat tag
Žádné tagy, Buďte první, kdo vytvoří štítek k tomuto záznamu!
|
MARC
| LEADER | 00000nam a2200000 a 4500 | ||
|---|---|---|---|
| 001 | UCV5232 | ||
| 003 | CL-VaPUC | ||
| 008 | 920925e19720000UK |||||||||||||||||eng|d | ||
| 082 | 0 | 4 | |a 639.32 |b MIL |2 21 |
| 100 | |a Milne, Peter Henry |e autor |9 299545 | ||
| 245 | 1 | 0 | |a Fish and shellfish farming in coastal waters |
| 300 | |a 208 p | ||
| 942 | |c BK | ||
| 945 | |d 19920925 00:00:00 |a mfernand | ||
| 260 | |a Londres |b Fishing News Books |c 1972 | ||
| 650 | 7 | |a PISCICULTURA |2 CL-VaPUC |9 259974 | |
| 650 | 7 | |a CULTIVO DE MARISCOS |2 CL-VaPUC |9 261902 | |
| 583 | |a last modification |c 19920925 00:00:00 |k Rodrigo Vera | ||
| 999 | |c 211812 |d 211810 | ||
| 952 | |0 0 |1 0 |4 0 |6 639_320000000000000_MIL_1972 |7 0 |8 CCM |9 191751 |a BIBCUR |b BIBCUR |d 2019-11-14 |i 2592827 |o 639.32 MIL 1972 |p 2592827 |r 2025-04-22 |w 2019-11-14 |y BK |k CIM | ||
| 952 | |0 0 |1 0 |4 0 |6 639_320000000000000_MIL_1972 |7 0 |8 CCM |9 191753 |a BIBCUR |b BIBCUR |d 2019-11-14 |i 2592843 |o 639.32 MIL 1972 |p 2592843 |r 2025-04-22 |w 2019-11-14 |y BK |k CIM | ||
| 952 | |0 0 |1 0 |4 0 |6 639_320000000000000_MIL_1972 |7 0 |8 CCM |9 191755 |a BIBCUR |b BIBCUR |d 2019-11-14 |i 1975064 |o 639.32 MIL 1972 |p 1975064 |r 2025-04-22 |w 2019-11-14 |y BK |k CIM | ||
| 952 | |0 0 |1 0 |4 0 |6 639_320000000000000_MIL_1972 |7 0 |8 CCM |9 191756 |a BIBCUR |b BIBCUR |d 2019-11-14 |i 396115K |o 639.32 MIL 1972 |p 396115K |r 2025-04-22 |w 2019-11-14 |y BK |k CIM | ||